[Event "Olympiad Women 2024"]
[Site "Budapest HUN"]
[Date "2024.09.11"]
[Round "1.28"]
[Board "2"]
[White "Lou, Yuxin"]
[Black "Janzelj, Lara"]
[Result "0-1"]
[WhiteElo "1654"]
[BlackElo "2193"]
[PlyCount "52"]
[EventDate "2024.09.11"]
[WhiteTeam "Hong Kong, China"]
[BlackTeam "Slovenia"]
[BlackTeamCountry "SLO"]

1. d4 Nf6 2. c4 g6 3. Nc3 Bg7 4. e4 d6 5. Be2 O-O 6. Bg5 c5 7. d5 h6 8. Be3 e6 9. dxe6 Bxe6 10. Qd2 Qa5 11. O-O-O $146 ({RR} 11. f3 Kh7 12. Rd1 Nc6 13. Qxd6 Nd4 14. Bd3 Nd7 15. Qf4 Ne5 16. Nh3 Nxd3+ 17. Rxd3 Nc2+ 18. Kd1 Nxe3+ 19. Qxe3 Bxc4 20. Rd2 Bd4 21. Qe1 Bxc3 22. bxc3 Rad8 23. Nf4 Qxc3 24. Nd5 Qa1+ 25. Kc2 Qxa2+ {0-1 Stepak,Y-Wexler,B Olympiad-16 Final A 1964 (3)}) ({RR} 11. Nf3 Nc6 12. O-O Ng4 13. Bf4 g5 14. Bg3 Nge5 15. Nxe5 dxe5 16. Qd1 Qb4 17. Nd5 Qxb2 18. Rb1 Qxa2 19. Rxb7 Rab8 20. Rc7 Nd4 21. Bd3 Rb2 22. Ne7+ Kh7 23. Nf5 Rd2 24. Qh5 Rxd3 25. Bxe5 Qe2 {0-1 Diaz Perez,M (2461)-Quesada Perez,L (2560) 60th ch-CUB 2024 (7.1)}) ({RR} 11. Nf3 Nc6 12. O-O Ng4 13. Bf4 Nce5 14. Nxe5 dxe5 15. Nd5 Qxd2 16. Bxd2 Bxd5 17. cxd5 Nf6 18. f3 Rfd8 19. Rfc1 Bf8 20. Be3 Rac8 21. Rc3 Nd7 22. Rac1 f5 23. Bd3 fxe4 24. fxe4 b6 25. Rf1 Kg7 {1-0 Spiridonov,N-Nicevski,R Zonal Athens 1969 (3)}) 11... b5 12. e5 dxe5 13. a3 b4 14. Nb5 a6 15. Nd6 Nbd7 16. Bd3 Qc7 17. Ne4 bxa3 18. bxa3 Rab8 19. Nxf6+ Nxf6 20. f4 Rfd8 21. Qc2 exf4 22. Bd2 Rxd3 23. Qxd3 Bf5 24. Qxf5 gxf5 25. Bc3 Ne4 26. Bxg7 Qb7 0-1

[Event "Olympiad Women 2024"]
[Site "Budapest HUN"]
[Date "2024.09.11"]
[Round "1.28"]
[Board "3"]
[White "Vidic, Teja"]
[Black "Leung, Hoi Ting"]
[Result "1-0"]
[WhiteElo "2128"]
[BlackElo "1619"]
[PlyCount "75"]
[EventDate "2024.09.11"]
[WhiteTeam "Slovenia"]
[BlackTeam "Hong Kong, China"]
[WhiteTeamCountry "SLO"]

1. e4 e6 2. d4 d5 3. Nc3 dxe4 4. Nxe4 Nd7 5. Nf3 Ngf6 6. Nxf6+ Nxf6 7. Bd3 Be7 8. Qe2 c6 ({RR} 8... b6 9. Be3 O-O 10. O-O-O Bb7 11. Kb1 Nd5 12. Bd2 Qc8 13. h4 c5 14. dxc5 Qxc5 15. Ng5 Nf6 16. Bc3 h6 17. a3 Nd5 18. Bd4 Qc7 19. Qh5 Nf4 20. Qxh6 g6 {1-0 Duda,J (2731)-Cremisi,D (2170) Titled Tue 9th Apr Late 2024 (2)}) 9. Bg5 h6 $146 ({RR} 9... Nd5 10. Be3 Nxe3 11. fxe3 Bd7 12. c3 Qc7 13. Ne5 Bf6 14. Ng4 Be7 15. e4 O-O-O 16. O-O Rdf8 17. c4 h5 18. Ne3 Qb6 19. c5 Qc7 20. b4 Bg5 21. Nc4 Be7 22. a4 f6 23. Ne3 Rd8 24. d5 {½-½ Liebert,U-Baumann,L DDR Women-ch06 1955 (5)}) ({RR} 9... Nd5 10. Bd2 Qb6 11. O-O Qxb2 12. Rfb1 Nc3 13. Rxb2 Nxe2+ 14. Bxe2 Bf6 15. Bg5 h6 16. Bf4 c5 17. Bb5+ Ke7 18. Be5 cxd4 19. Bxd4 Bxd4 20. Nxd4 Rd8 21. c3 g6 22. Re1 f6 23. Bc4 Rxd4 24. cxd4 {1-0 Galloux,M (2039)-Cantiron,V Creon op 12th 2007 (4)}) 10. Bd2 Qb6 11. O-O-O a5 12. a3 Qc7 13. Ne5 b5 14. Nxc6 O-O 15. Nxe7+ Qxe7 16. g4 b4 17. a4 Bb7 18. Rhg1 Rac8 19. g5 hxg5 20. Rxg5 Rfd8 21. Rdg1 g6 22. Bxg6 fxg6 23. Rxg6+ Kf8 24. Qe5 Rxc2+ 25. Kxc2 Be4+ 26. Kd1 Bxg6 27. Rxg6 Kf7 28. Qg5 Rg8 29. Rxg8 Nxg8 30. Qh5+ Kf8 31. Qxa5 Qh7 32. Bxb4+ Kf7 33. Qc7+ Kg6 34. Qxh7+ Kxh7 35. a5 Nf6 36. a6 Nd7 37. Bc5 Nxc5 38. dxc5 1-0

[Event "Olympiad Women 2024"]
[Site "Budapest HUN"]
[Date "2024.09.11"]
[Round "1.28"]
[Board "4"]
[White "Liu, Tian Yi"]
[Black "Mihelic, Vesna"]
[Result "0-1"]
[WhiteElo "1607"]
[BlackElo "2069"]
[PlyCount "88"]
[EventDate "2024.09.11"]
[WhiteTeam "Hong Kong, China"]
[BlackTeam "Slovenia"]
[BlackTeamCountry "SLO"]

1. e4 e5 2. Nf3 Nc6 3. Bc4 Bc5 4. c3 Nf6 5. d4 exd4 6. e5 d5 7. Bb5 Ne4 8. cxd4 Bb6 9. Be3 O-O 10. Nc3 Bg4 11. h3 Bh5 12. Qc2 Bg6 13. Qb3 Ne7 14. O-O c6 15. Bd3 Nxc3 ({RR} 15... Nf5 16. Qc2 Nxe3 17. fxe3 f5 18. exf6 Rxf6 19. Nxe4 dxe4 20. Bxe4 Bxe4 21. Qxe4 Qf8 22. Ng5 g6 23. Qh4 Rxf1+ 24. Rxf1 Qe7 25. Rf3 Bd8 26. Qe4 Qxg5 27. Qe8+ Kg7 28. Qf8# {1-0 Yang Kaiqi (2481)-Oliveira,T (1986) Titled Tue 28th May Late 2024 (3)}) 16. Qxc3 Nf5 17. Bf4 $146 ({RR} 17. Qc2 Qd7 18. Rae1 Rae8 19. Kh1 h6 20. g4 Nxe3 21. fxe3 Bxd3 22. Qxd3 Bd8 23. Qf5 Qe7 24. Qh5 Qe6 25. Re2 f5 26. g5 hxg5 27. Nxg5 Bxg5 28. Qxg5 g6 29. Rg2 Kg7 30. Rfg1 Rh8 31. Qxg6+ Qxg6 {1-0 Roebers,E (2297)-Can,I (1945) Online Olym Div Top-D rapid 2021 (8.2)}) 17... Nh4 18. Be2 Nxf3+ 19. Bxf3 Qh4 20. Qd2 Bf5 21. Rad1 h6 22. Kh2 f6 23. g4 Bd7 24. Qe2 fxe5 25. Bxe5 Rae8 26. Bg2 h5 27. gxh5 Bxd4 28. f4 Bxe5 29. fxe5 Rxf1 30. Rxf1 Qg5 31. Re1 Qf4+ 32. Kg1 Qh4 33. Kh2 Bg4 34. Qe3 Bxh5 35. Rf1 Rf8 36. Rxf8+ Kxf8 37. e6 Qf6 38. Qxa7 Qe5+ 39. Kh1 Qe1+ 40. Kh2 Qe5+ 41. Kh1 Qxb2 42. Qb8+ Ke7 43. Qc7+ Kxe6 44. h4 Qa1+ 0-1

[Event "Olympiad Women 2024"]
[Site "Budapest HUN"]
[Date "2024.09.11"]
[Round "1.29"]
[Board "1"]
[White "Nahed Galab"]
[Black "Arribas Robaina, Maritza"]
[Result "0-1"]
[WhiteElo "1693"]
[BlackElo "2143"]
[PlyCount "66"]
[EventDate "2024.09.11"]
[WhiteTeam "Sudan"]
[BlackTeam "Cuba"]
[WhiteTeamCountry "SUD"]
[BlackTeamCountry "CUB"]

1. Nf3 Nf6 2. d4 g6 3. c4 Bg7 4. Nc3 d6 5. g3 O-O 6. Bg2 Nc6 7. O-O Bg4 8. e4 Nd7 9. Be3 e5 10. d5 Nd4 11. Bxd4 exd4 12. Nb5 Re8 $146 ({RR} 12... Ne5 13. Nbxd4 Nxc4 14. Qc2 Ne5 15. h3 Bd7 16. Rac1 c5 17. Nxe5 Bxe5 18. Ne2 Rc8 19. f4 Bg7 20. Qd2 f5 21. Kh2 Re8 22. Nc3 b5 23. Rfe1 b4 24. Nd1 Qf6 25. Re3 fxe4 26. Rxe4 Rxe4 27. Bxe4 {0-1 Pikovszki,J (2000)-Hlinka,V (2185) Miskolc Avas op 1999 (1)}) 13. Re1 Ne5 14. Qb3 Nxf3+ 15. Bxf3 Bxf3 16. Qxf3 c6 17. Na3 Qa5 18. Rab1 Rac8 19. b4 Qd8 20. Qd3 Rc7 21. Nc2 Qf6 22. Red1 cxd5 23. exd5 b5 24. Nxd4 bxc4 25. Qc2 c3 26. Rb3 Rc4 27. Nc6 Qf3 28. Rf1 Qxd5 29. Na5 Rce4 30. Rbb1 Re2 31. Qb3 Qxb3 32. axb3 c2 33. Rbc1 Bb2 0-1

[Event "Olympiad Women 2024"]
[Site "Budapest HUN"]
[Date "2024.09.11"]
[Round "1.29"]
[Board "2"]
[White "Miranda Llanes, Yerisbel"]
[Black "Ibtihal Osman"]
[Result "1-0"]
[WhiteElo "2294"]
[BlackElo "1626"]
[PlyCount "71"]
[EventDate "2024.09.11"]
[WhiteTeam "Cuba"]
[BlackTeam "Sudan"]
[WhiteTeamCountry "CUB"]
[BlackTeamCountry "SUD"]

1. d4 c5 2. d5 d6 3. c4 g6 4. Nc3 Bg7 5. e4 Nf6 6. h3 O-O 7. Bd3 Nbd7 ({RR} 7... e6 8. Be3 Na6 9. Nge2 Nc7 10. dxe6 Bxe6 11. O-O Re8 12. Qd2 Rb8 13. a4 a6 14. Rfd1 Nd7 15. Bg5 f6 16. Bf4 Ne5 17. Nd5 Nxd5 18. Bxe5 fxe5 19. cxd5 Bd7 20. a5 Qh4 21. Qe3 Bh6 22. Qg3 {½-½ Rudolf,M (2284)-Krzyzanowski,M (2517) 8th Irena Warakomska Mem 2024 (7.5)}) 8. Nf3 Nb6 ({RR} 8... e5 9. g4 a6 10. a4 b6 11. Be3 Rb8 12. Qd2 Ne8 13. Kd1 Ndf6 14. Kc2 Bd7 15. b3 Nc7 16. Rhb1 Rb7 17. b4 Qb8 18. b5 a5 19. Rh1 Kh8 20. Rag1 Qc8 21. Ne2 Nce8 22. Ng3 Ng8 23. Kb3 {0-1 Ding,L (2799)-Aronian,L (2782) Speed Chess Chess.com INT blitz 2021 (2.24)}) 9. O-O Nfd7 $146 ({RR} 9... e6 10. Re1 exd5 11. exd5 Re8 12. Bf4 Rxe1+ 13. Qxe1 a6 14. Qd2 Qc7 15. Re1 Bd7 16. Re7 Re8 17. Qe2 Nc8 18. Rxe8+ Bxe8 19. Ng5 Qd7 20. Nge4 Nxe4 21. Nxe4 Kf8 22. b3 f5 23. Ng5 h6 24. Ne6+ {1-0 Gordo,B (1707)-Antunes,A (1301) Lisbon Portugal op 2017 (3)}) ({RR} 9... e6 10. Bg5 h6 11. Be3 exd5 12. exd5 Nfd7 13. Qd2 g5 14. Rae1 Ne5 15. Nxe5 Bxe5 16. f4 gxf4 17. Bxf4 Bd4+ 18. Kh2 Qh4 19. Bxd6 Rd8 20. Be7 f6 21. Bxd8 Bxh3 22. gxh3 Rxd8 23. Qg2+ Kf8 24. Re4 {1-0 Chetverik,M (2296)-Simacek,V (1834) Tabor op 2011 (1)}) 10. Bf4 Ne5 11. Nxe5 dxe5 12. Be3 Qc7 13. Nb5 Qd8 14. Bxc5 Bd7 15. Nc3 Rc8 16. b4 f5 17. Qb3 Rf7 18. f3 a6 19. Be3 f4 20. Bd2 Be8 21. c5 Nd7 22. Bc4 Rf8 23. d6+ Bf7 24. dxe7 Qxe7 25. Nd5 Qg5 26. Rfd1 Be6 27. Nb6 Bxc4 28. Qxc4+ Kh8 29. Nxd7 Rfd8 30. Bc3 Qe7 31. Nb6 Rc6 32. Rxd8+ Qxd8 33. Qd5 Qc7 34. Rd1 Bf6 35. Nd7 Qd8 36. Nxf6 1-0

[Event "Olympiad Women 2024"]
[Site "Budapest HUN"]
[Date "2024.09.11"]
[Round "1.29"]
[Board "3"]
[White "Sabreen Oraby"]
[Black "Forgas Moreno, Yaniela"]
[Result "0-1"]
[WhiteElo "1812"]
[BlackElo "2203"]
[PlyCount "172"]
[EventDate "2024.09.11"]
[WhiteTeam "Sudan"]
[BlackTeam "Cuba"]
[WhiteTeamCountry "SUD"]
[BlackTeamCountry "CUB"]

1. c4 Nf6 2. g3 g6 3. Bg2 Bg7 4. Nf3 d6 5. O-O O-O 6. Nc3 e5 7. d3 Re8 8. Bg5 h6 9. Bxf6 Bxf6 10. Qd2 ({RR} 10. Nd2 Bg7 11. Rb1 Nc6 12. b4 e4 13. Nd5 exd3 14. exd3 Nd4 15. Ne3 c6 16. Nb3 Nf5 17. Qf3 Qg5 18. h4 Qf6 19. Nxf5 Bxf5 20. Rfc1 Re7 21. Na5 Rae8 22. b5 cxb5 23. Rxb5 Qd4 24. Nb3 Qxd3 {0-1 Bartel,M (2617)-Naroditsky,D (2617) Titled Tuesday intern op 27th Sep Late blitz 2022 (5)}) ({RR} 10. Rb1 a5 11. a3 c6 12. b4 axb4 13. axb4 Be6 14. Ne4 Bg7 15. c5 Bf8 16. Nxd6 Bxd6 17. cxd6 Qxd6 18. Qd2 Kh7 19. Ra1 Na6 20. Rfb1 Nc7 21. Qb2 f6 22. Nd2 Nb5 23. Ne4 Qe7 24. e3 Bd5 {½-½ Wielosz,J (1920)-Serafim Junior,A (1770) World Senior Teams +50 2024 (4.4)}) 10... Bg7 11. Rab1 a5 $146 ({RR} 11... c6 12. Ne1 Be6 13. Nc2 a5 14. e4 Nd7 15. b3 Nc5 16. h3 Qd7 17. Kh2 b5 18. cxb5 cxb5 19. Ne3 b4 20. Ncd5 Qd8 21. Bf3 h5 22. Qe2 Bh6 23. h4 Bxe3 24. Qxe3 Bxd5 25. exd5 Qf6 26. Kg2 {0-1 Ortega,J (1936)-Gutierrez,C (2289) Ilo Regional Sur op 2012 (2)}) 12. a3 c6 13. b4 axb4 14. axb4 Be6 15. b5 Ra3 16. Ne1 Qa5 17. Rc1 d5 18. Nb1 Qxd2 19. Nxd2 cxb5 20. cxd5 Bd7 21. Rc7 Ra2 22. Nef3 f5 23. Nb3 b6 24. Rb7 Rb2 25. Nfd2 e4 26. Rxb6 Bc3 27. Rd1 b4 28. dxe4 Ba4 29. Nc4 Rxb3 30. Rxg6+ Kh7 31. Rb6 Ra3 32. Rc1 Ra2 33. Bh3 Rxe2 34. Bxf5+ Kg7 35. Rg6+ Kf8 36. Be6 Rxe4 37. Nd6 R4xe6 38. dxe6 b3 39. Nxe8 b2 40. Rb1 Bc2 41. Rxb2 Bxb2 42. Rg4 Be5 43. f4 Bd4+ 44. Kf1 Bf5 45. Rh4 Kxe8 46. Rxh6 Ke7 47. h3 Nc6 48. g4 Bd3+ 49. Ke1 Bc3+ 50. Kf2 Bg7 51. Rh5 Bd4+ 52. Kf3 Kxe6 53. Rh6+ Kd5 54. g5 Bg7 55. Rh4 Nd4+ 56. Ke3 Nf5+ 57. Kxd3 Nxh4 58. Ke3 Bd4+ 59. Kd3 Ng6 60. f5 Nf4+ 61. Kd2 Nxh3 62. g6 Ke4 63. Ke2 Nf4+ 64. Kf1 Kxf5 65. g7 Bxg7 66. Kf2 Ke4 67. Kg3 Bd4 68. Kg4 Bf2 69. Kg5 Nd5 70. Kg4 Ne3+ 71. Kg5 Ke5 72. Kg6 Bh4 73. Kf7 Bf6 74. Kg6 Ke6 75. Kh5 Kf5 76. Kh6 Nd5 77. Kh5 Nf4+ 78. Kh6 Bg5+ 79. Kg7 Ke6 80. Kf8 Nh5 81. Ke8 Ng7+ 82. Kf8 Kf6 83. Kg8 Ne6 84. Kh7 Kf7 85. Kh8 Bf4 86. Kh7 Nf8+ 0-1

[Event "Olympiad Women 2024"]
[Site "Budapest HUN"]
[Date "2024.09.11"]
[Round "1.29"]
[Board "4"]
[White "Hernandez Gil, Ineymig"]
[Black "Elizabeth  Tanyous"]
[Result "1-0"]
[WhiteElo "2160"]
[BlackElo "1530"]
[PlyCount "39"]
[EventDate "2024.09.11"]
[WhiteTeam "Cuba"]
[BlackTeam "Sudan"]
[WhiteTeamCountry "CUB"]
[BlackTeamCountry "SUD"]

1. e4 c5 2. Nf3 Nc6 3. d4 cxd4 4. Nxd4 e5 5. Nb5 a6 6. Nd6+ Bxd6 7. Qxd6 Nge7 ({RR} 7... Nf6 8. Bg5 h6 9. Be3 Qe7 10. Qd2 O-O 11. Nc3 b5 12. f3 Bb7 13. O-O-O Rac8 14. Qd6 Qd8 15. Kb1 Qa5 16. g4 Rfe8 17. h4 Nd4 18. Bxd4 exd4 19. Qxd4 b4 20. g5 Rxc3 21. gxf6 Rxf3 22. Rg1 {1-0 Volokitin,A (2662)-Klundt,K (2380) Mainz Ordix op 13th rapid 2006 (3)}) 8. Nc3 O-O 9. Bg5 Kh8 $146 ({RR} 9... f6 10. Bc4+ Kh8 11. Be3 Na5 12. Bb6 {1-0 Wolf,U-Wuchenauer,W GER-ch district 1996}) ({RR} 9... f5 10. Bc4+ Kh8 11. Be3 b5 12. Bd5 Bb7 13. Bc5 Re8 14. Bb3 Rc8 15. O-O-O Nd4 16. Bb6 Rc6 17. Qxc6 Bxc6 18. Bxd8 Rxd8 19. Nd5 Nxb3+ 20. cxb3 Ng6 21. f3 Kg8 22. Rd3 Kf7 23. Nb4 Rc8 24. Kd2 {1-0 Zsatkovics,E (1498)-Nemeth,O (1456) Budapest FS02 FM 2022 (1)}) ({RR} 9... h6 10. Be3 Ng6 11. Bc4 Qe7 12. Qxg6 d5 13. Bxd5 Be6 14. Bxe6 fxe6 15. O-O Rf6 16. Qh5 {1-0 Savostin,A (2000)-Vyatkin,D (2162) RUS-ch U18 Dagomys 2004 (6)}) 10. O-O-O f6 11. Be3 b6 12. h4 b5 13. Kb1 Qa5 14. Nd5 Rf7 15. Bb6 Qa4 16. Bc5 Nxd5 17. Qxd5 Kg8 18. Qxc6 Rb8 19. Qc7 Ra8 20. Qd8+ 1-0

[Event "Olympiad Women 2024"]
[Site "Budapest HUN"]
[Date "2024.09.11"]
[Round "1.30"]
[Board "1"]
[White "Newrkla, Katharina"]
[Black "Haile, Lidet"]
[Result "1-0"]
[WhiteElo "2208"]
[BlackElo "1834"]
[PlyCount "43"]
[EventDate "2024.09.11"]
[WhiteTeam "Austria"]
[BlackTeam "Ethiopia"]
[WhiteTeamCountry "AUT"]
[BlackTeamCountry "ETH"]

1. e4 e5 2. Nf3 Nc6 3. Bb5 d6 4. d4 exd4 5. Nxd4 Bd7 6. Nc3 Nf6 7. O-O Be7 8. Nxc6 Bxc6 9. Bxc6+ bxc6 10. b3 O-O ({RR} 10... Nd7 11. Bb2 Bf6 12. f4 O-O 13. e5 dxe5 14. Ne4 exf4 15. Nxf6+ Nxf6 16. Qxd8 Raxd8 17. Bxf6 gxf6 18. Rxf4 Rfe8 19. Kf1 Rd2 20. Rf2 Rd6 21. Re1 Re5 22. Rf4 Kf8 23. Rxe5 fxe5 24. Ra4 Rd2 25. Rc4 {½-½ Gledura,B (2515)-Almasi,Z (2684) Gibraltar Masters 14th 2016 (3)}) 11. Bb2 Re8 ({RR} 11... Nd7 12. Qe2 Bf6 13. Na4 Nb6 14. Nxb6 axb6 15. Bxf6 Qxf6 16. a4 Rfe8 17. Rfe1 h6 18. Rad1 Ra5 19. Qd3 Rc5 20. c4 Rce5 21. Re3 Qg6 22. Rde1 d5 23. cxd5 cxd5 24. f3 dxe4 25. Rxe4 Rxe4 26. Rxe4 {1-0 Antoniou,R (2027)-Rodriguez Lopez,D (2191) Titled Tue 2nd Jul Late 2024 (5)}) 12. f4 a5 $146 ({RR} 12... Bf8 13. Qf3 Qe7 14. Rae1 Nd7 15. Re2 g6 16. Rfe1 Bg7 17. Nd1 Bxb2 18. Nxb2 Qf6 19. Nd3 Re6 20. Kh1 c5 21. e5 Qd8 22. f5 gxf5 23. Qxf5 Qe8 24. exd6 cxd6 25. Rxe6 fxe6 26. Rxe6 Qf7 27. Qxf7+ {1-0 Schrader,H (2043)-Koellner,R (1529) Heusenstamm Schloss op 1st 2014 (1)}) ({RR} 12... d5 13. e5 Nd7 14. Qg4 Bc5+ 15. Kh1 Qc8 16. Ne2 Nf6 17. Qh4 Qg4 18. Qxg4 Nxg4 19. Bd4 Bb6 20. Bxb6 axb6 21. Nd4 c5 22. Nf5 g6 23. h3 gxf5 24. hxg4 fxg4 25. Kh2 f6 26. Rfe1 Kf7 27. Kg3 {½-½ Mazur,S (2411)-Rogulj,B (2409) Donau op 27th 2018 (7)}) 13. Qf3 Nd7 14. Rad1 Qc8 15. e5 d5 16. Kh1 Bb4 17. a3 Bc5 18. Qg3 Nb6 19. f5 Bf8 20. Ne2 a4 21. e6 fxe6 22. f6 1-0

[Event "Olympiad Women 2024"]
[Site "Budapest HUN"]
[Date "2024.09.11"]
[Round "1.30"]
[Board "2"]
[White "Bantiwalu, Aster"]
[Black "Exler, Veronika"]
[Result "0-1"]
[WhiteElo "1704"]
[BlackElo "2176"]
[PlyCount "90"]
[EventDate "2024.09.11"]
[WhiteTeam "Ethiopia"]
[BlackTeam "Austria"]
[WhiteTeamCountry "ETH"]
[BlackTeamCountry "AUT"]

1. e4 c6 2. Nf3 d5 3. exd5 cxd5 4. d4 Nc6 5. Nc3 Bg4 6. Be2 e6 7. h3 ({RR} 7. a3 Bd6 8. Be3 Nf6 9. O-O O-O 10. Re1 a6 11. Bg5 Bxf3 12. Bxf3 Qb6 13. Rb1 Qxd4 14. Bxf6 Qxf6 15. Ne2 Ne5 16. Nc3 Nxf3+ 17. Qxf3 Qxf3 18. gxf3 Rac8 19. Rbd1 b5 20. Re2 Rc4 21. Nb1 Rfc8 {0-1 Kainz,A (1585)-Exler,V (1899) AUT-ch U16/18 Girls 2007 (1)}) 7... Bh5 ({RR} 7... Bf5 8. Bf4 Nf6 9. O-O Bd6 10. Bxd6 Qxd6 11. Nb5 Qe7 12. c3 O-O 13. Na3 Ne4 14. Nc2 Bg6 15. Ne3 Rfd8 16. Qe1 a6 17. Nd2 e5 18. dxe5 Nxd2 19. Qxd2 d4 20. Ng4 h5 21. Nh2 d3 22. Bd1 {0-1 Plotkin,V (2306)-Lalith,B (2537) Gibraltar Masters 13th 2015 (6)}) 8. O-O Bd6 ({RR} 8... Nf6 9. Bg5 Be7 10. Ne5 Bxe2 11. Nxe2 O-O 12. Nxc6 bxc6 13. Ng3 Rb8 14. b3 c5 15. dxc5 Bxc5 16. Qd3 h6 17. Bxf6 Qxf6 18. Rac1 Rfd8 19. c4 Rbc8 20. cxd5 Rxd5 21. Qa6 Rcd8 22. Ne4 Qe7 23. Nxc5 {0-1 Ampaire,S (1839)-Zairbek kyzy,B (1848) BRICS Games Rapid Women 2024 (7.7)}) 9. Nb5 $146 ({RR} 9. Be3 Nge7 10. Re1 O-O 11. Qd2 a6 12. a3 Qc7 13. Rac1 Na5 14. Nd1 Rac8 15. Qc3 Qb6 16. Qd2 f6 17. Bf4 Rfd8 18. Bxd6 {0-1 Bejarano Lopez,A (1570)-Llano Buritica,E (1944) Medellin Antioquia 2nd League 2021 (2)}) 9... Bb8 10. c3 Nf6 11. Nd2 Bg6 12. f4 a6 13. Na3 Bd6 14. Nf3 Qc7 15. Ne5 Bxa3 16. bxa3 Ne4 17. Bd2 Nxc3 18. Bxc3 Nxe5 19. dxe5 Qxc3 20. Qa4+ Qc6 21. Qb4 a5 22. Qb2 Qc5+ 23. Kh1 O-O 24. Rac1 Qe7 25. a4 Rac8 26. Rxc8 Rxc8 27. Qb6 Qc7 28. Qb5 h6 29. Bf3 Qc4 30. Ra1 Qxf4 31. Qxb7 Rc1+ 32. Rxc1 Qxc1+ 33. Kh2 Qf4+ 34. Kh1 Qxa4 35. Qb2 Qb4 36. Qc1 Kh7 37. Kh2 d4 38. Qd1 d3 39. Kh1 Qb2 40. Qe1 d2 41. Qe2 Qxa2 42. h4 Qb1+ 43. Kh2 Qe1 44. g3 Qxe2+ 45. Bxe2 Bc2 0-1

[Event "Olympiad Women 2024"]
[Site "Budapest HUN"]
[Date "2024.09.11"]
[Round "1.30"]
[Board "3"]
[White "Schloffer, Jasmin-Denise"]
[Black "Abera, Mekdes Demssie"]
[Result "0-1"]
[WhiteElo "2168"]
[BlackElo "1593"]
[PlyCount "72"]
[EventDate "2024.09.11"]
[WhiteTeam "Austria"]
[BlackTeam "Ethiopia"]
[WhiteTeamCountry "AUT"]
[BlackTeamCountry "ETH"]

1. d4 d5 2. Nf3 e6 3. e3 Nf6 4. c4 c5 5. cxd5 Nxd5 6. Nc3 Nc6 7. Be2 cxd4 ({RR} 7... Be7 8. O-O cxd4 9. exd4 O-O 10. Qb3 Bf6 11. Rd1 Nce7 12. Ne4 b6 13. Nxf6+ Nxf6 14. Bf4 Bb7 15. Rac1 Ned5 16. Be5 Qe7 17. h3 Rfc8 18. a3 Qd8 19. Nd2 Rxc1 20. Rxc1 Rc8 21. Rxc8 Qxc8 22. Qc4 {½-½ Volodin,A (2487)-Lugovoi,A (2531) Keres Memorial rap 20th rapid 2011 (5)}) 8. exd4 Bb4 ({RR} 8... Be7 9. O-O O-O 10. Ne4 Nf6 11. Nc3 a6 12. a3 b5 13. Bd3 Bb7 14. Bb1 b4 15. axb4 Nxb4 16. Ne5 Nbd5 17. Re1 Nxc3 18. bxc3 Qd5 19. f3 Rfd8 20. Qe2 Rac8 21. Ba2 Qd6 22. Bf4 Rxc3 23. Rad1 {0-1 Badacsonyi,F (2229)-Guimaraes,W (2122) Titled Tue 30th Jul Late 2024 (2)}) 9. Bd2 a6 $146 ({RR} 9... O-O 10. O-O b6 11. Rc1 Bb7 12. Nxd5 Bxd2 13. Nxd2 Qxd5 14. Bf3 Qd7 {½-½ Theisinger,F-Goetz,M Schwanstetten op 1994}) ({RR} 9... Qa5 10. a3 Bd6 11. Nb5 Qd8 12. Nxd6+ Qxd6 13. O-O O-O 14. Re1 Rd8 15. Bc3 b6 16. Bd3 h6 17. Re4 Bb7 18. Qd2 Nxc3 19. bxc3 Na5 20. Rg4 Bxf3 21. gxf3 e5 22. Rd1 Nc6 23. d5 Ne7 24. f4 {1-0 Friedemann,G-Bergkvist,N Olympiad-08 Final A 1939 (10)}) 10. O-O O-O 11. a3 Be7 12. Qc2 Nf6 13. Be3 g6 14. Rfd1 Nd5 15. Bh6 Re8 16. Ne4 Bf8 17. Bxf8 Kxf8 18. h4 f5 19. Nc5 b6 20. Nxa6 Nxd4 21. Nxd4 Bxa6 22. Bxa6 Rxa6 23. Qc4 Ra8 24. Nxe6+ Rxe6 25. Rxd5 Qe7 26. Qd4 Qf6 27. Qb4+ Kg8 28. Rad1 Rae8 29. Rd7 Re4 30. Qb3+ Kh8 31. g3 Qc6 32. Qd5 Qc2 33. Qf7 Re1+ 34. Kg2 Qe4+ 35. f3 Qe2+ 36. Kh3 Qf1+ 0-1

[Event "Olympiad Women 2024"]
[Site "Budapest HUN"]
[Date "2024.09.11"]
[Round "1.30"]
[Board "4"]
[White "Teshome, Wubrist Bekele"]
[Black "Hapala, Elisabeth"]
[Result "0-1"]
[WhiteElo "1614"]
[BlackElo "2113"]
[PlyCount "56"]
[EventDate "2024.09.11"]
[WhiteTeam "Ethiopia"]
[BlackTeam "Austria"]
[WhiteTeamCountry "ETH"]
[BlackTeamCountry "AUT"]

1. e4 c5 2. Nf3 e6 3. Nc3 a6 4. h3 Nc6 ({RR} 4... Qc7 5. a4 Nc6 6. d3 g6 7. g3 Bg7 8. Bg2 Nge7 9. O-O d5 10. exd5 exd5 11. Bf4 Qd8 12. Qd2 h6 13. h4 f6 14. Rfe1 Kf7 15. d4 c4 16. b3 cxb3 17. cxb3 Bf5 18. Rac1 Rc8 19. Be3 {0-1 Alekseenko,K (2650)-Nakamura,H (2788) Titled Tue 30th Jan Late 2024 (6)}) 5. d4 $146 ({RR} 5. b3 Be7 6. e5 Qc7 7. Bb2 Nxe5 8. Nxe5 Qxe5+ 9. Be2 Bf6 10. O-O Qc7 11. Re1 b5 12. Rb1 Bb7 13. Bf3 Ne7 14. Bxb7 Qxb7 15. Ne4 Qc6 16. Nxf6+ gxf6 17. Bxf6 Rg8 18. f3 Nd5 19. Be5 d6 {0-1 Baranco Gonzalez,N (1300)-Mateos Cordero,F (1637) Madrid San Viator op-B 27th 2016 (2)}) ({RR} 5. Be2 b5 6. b3 Qc7 7. Bb2 Bb7 8. d3 Nf6 9. Qd2 Be7 10. a4 b4 11. Nd1 O-O 12. g4 d5 13. e5 Nd7 14. d4 Nxd4 15. Nxd4 cxd4 16. Bxd4 Nxe5 17. Rg1 Ng6 18. Ne3 a5 19. O-O-O e5 {0-1 Matto,M (1855)-Perman,T (2077) Gibraltar Masters 7th 2009 (1)}) 5... cxd4 6. Nxd4 Qc7 7. Nb3 Nf6 8. a3 b5 9. f4 d6 10. Bd3 Be7 11. Qf3 Bb7 12. Be3 O-O 13. g4 Nd7 14. g5 Nc5 15. Nxc5 dxc5 16. Qh5 c4 17. Be2 Rfd8 18. Rg1 Nd4 19. O-O-O Nxe2+ 20. Qxe2 b4 21. axb4 Bxb4 22. Rxd8+ Rxd8 23. Qf2 Qa5 24. Bb6 Qa1+ 25. Nb1 Bd2+ 26. Kd1 Qxb1+ 27. Ke2 Qxc2 28. Bxd8 Be3+ 0-1

[Event "Olympiad Women 2024"]
[Site "Budapest HUN"]
[Date "2024.09.11"]
[Round "1.31"]
[Board "1"]
[White "Vilhete, Vania Fausto Da T."]
[Black "Mihok-Juhasz, Barbara"]
[Result "0-1"]
[WhiteElo "1877"]
[BlackElo "2193"]
[PlyCount "90"]
[EventDate "2024.09.11"]
[WhiteTeam "Mozambique"]
[BlackTeam "Hungary B"]
[WhiteTeamCountry "MOZ"]

1. d4 Nf6 2. c4 g6 3. Nc3 Bg7 4. e4 d6 5. Be2 O-O 6. Bg5 c5 7. d5 h6 8. Bf4 e6 9. dxe6 Bxe6 10. Qc1 $146 ({RR} 10. Qd2 h5 11. Bxd6 Re8 12. Nf3 Nc6 13. O-O Nd4 14. e5 Ng4 15. Nxd4 Bh6 16. f4 cxd4 17. Qxd4 Rc8 18. h3 Nf6 19. exf6 Bf8 20. Rad1 Bxd6 21. Qxd6 Qxf6 22. Qe5 {1-0 Kunsztowicz,U-Emami,M Hamburg-ch 1974 (3)}) ({RR} 10. Qd2 Nc6 11. Nf3 Qb6 12. O-O Nd4 13. Nxd4 cxd4 14. Nd5 Bxd5 15. exd5 Ne4 16. Qc2 Rfe8 17. Bd3 {½-½ Silman,J (2415)-Vaulin,A (2550) Pardubice op 1994 (7)}) ({RR} 10. Nf3 Nc6 11. O-O Qb6 12. b3 Rfe8 13. h3 Rad8 14. Re1 Nd7 15. Qd2 g5 16. Be3 Nd4 17. Bxd4 cxd4 18. Na4 Qc6 19. Nxd4 Qxe4 20. Nxe6 Qxe6 21. Bg4 Qf6 22. Bxd7 Rxe1+ 23. Rxe1 Rxd7 24. Re8+ Kh7 {1-0 Heimann,M (2454)-Ippolito,D (2358) National Open 2024 (4.30)}) ({RR} 10. Qd2 Nc6 11. Bxh6 Bxh6 12. Qxh6 Nd4 13. O-O-O Qa5 14. h4 Nh7 15. Bd3 b5 16. h5 g5 17. Nf3 Nxf3 18. e5 {1-0 Kunsztowicz,U (2415)-Brondum,E (2340) Esbjerg North Sea Cup-01 1976 (6)}) 10... Qa5 11. Bd2 Qb6 12. Rb1 Kh7 13. Nf3 Nc6 14. O-O Nd4 15. Nxd4 cxd4 16. Nd5 Bxd5 17. exd5 Ne4 18. Qc2 f5 19. Bd3 Rfe8 20. Rfe1 Nxd2 21. Qxd2 Re5 22. b4 Rae8 23. Kf1 Qd8 24. g3 h5 25. Be2 Qe7 26. Bf3 Bh6 27. Qd1 b6 28. Re2 Bg7 29. Qd3 Rxe2 30. Bxe2 Qe5 31. Bf3 Re7 32. Qd2 Bh6 33. Qc2 h4 34. Kg2 Rc7 35. Qe2 Qg7 36. Re1 Bg5 37. Qd3 b5 38. cxb5 Rc3 39. Qd1 Rc1 40. Qe2 d3 41. Qe6 Rxe1 42. Qxe1 d2 43. Qb1 Qc3 44. Bd1 Qc4 45. Qb3 h3+ 0-1